Pohľad na reformu verejnej správy v I. ČSR

Vznik Československej republiky a budovanie verejnej správy. Východiská - stav pri vzniku I. ČSR. Špecifiká I. ČSR. Organizácia vertikálnej deľby moci. Vývoj reforiem verejnej správy v troch časových horizontoch. Podoba reformy od roku 1920. Samosprávne orgány v župách a okresoch. Krajinské zriaden...

Descrizione completa

Salvato in:
Dettagli Bibliografici
Autore principale: Kazanský, Rastislav
Natura: Capitolo di libro
Lingua:slovacco
Soggetti:
Tags: Aggiungi Tag
Nessun Tag, puoi essere il primo ad aggiungerne!!

MARC

LEADER 00000naa$a2200000$$$4500
001 0009087
005 20230929115103.4
041 0 |a slo 
044 |a SK 
245 1 0 |a Pohľad na reformu verejnej správy v I. ČSR  |c aut. Rastislav Kazanský 
520 |a Vznik Československej republiky a budovanie verejnej správy. Východiská - stav pri vzniku I. ČSR. Špecifiká I. ČSR. Organizácia vertikálnej deľby moci. Vývoj reforiem verejnej správy v troch časových horizontoch. Podoba reformy od roku 1920. Samosprávne orgány v župách a okresoch. Krajinské zriadenie a zrušenie župného zriadenia (r. 1927-1928). Orgány štátnej správy a štátnej samosprávy. Hierarchia výkonu štátnej správy. Hodnotenie efektivity výkonu verejnej správy v I. Československej republike. 
610 2 0 |a správa verejná 
610 2 0 |a samospráva regionálna 
610 2 0 |a samospráva miestna 
610 2 0 |a kraje 
610 2 0 |a reformy 
610 2 0 |a orgány štátne 
610 2 0 |a právomoc 
610 2 0 |a vývoj 
610 2 0 |a Československo 
100 1 |a Kazanský, Rastislav